|
|
|
|
| LEADER |
02730nam a2200541 i 4500 |
| 001 |
nkc20243599649 |
| 003 |
CZ PrNK |
| 005 |
20240625130743.0 |
| 007 |
ta |
| 008 |
240403s2024 xr a c 000 f cze |
| 015 |
|
|
|a cnb003599649
|
| 020 |
|
|
|a 978-80-257-4349-2
|q (brožováno)
|
| 035 |
|
|
|a (OCoLC)1445419554
|
| 040 |
|
|
|a ABG001
|b cze
|e rda
|
| 041 |
1 |
|
|a cze
|h eng
|
| 072 |
|
7 |
|a 821.111-3
|x Anglická próza, anglicky psaná
|2 Konspekt
|9 25
|
| 072 |
|
7 |
|a 821-93
|x Literatura pro děti a mládež (beletrie)
|2 Konspekt
|9 26
|
| 080 |
|
|
|a 821.111-32
|2 MRF
|
| 080 |
|
|
|a 821-93
|2 MRF
|
| 080 |
|
|
|a (0:82-321.5)
|2 MRF
|
| 100 |
1 |
|
|a Walliams, David,
|d 1971-
|7 xx0158956
|4 aut
|
| 240 |
1 |
0 |
|a Spaceboy.
|l Česky
|
| 245 |
1 |
0 |
|a Kosmokluk /
|c David Walliams ; ilustroval Adam Stower ; přeložila Veronika Volhejnová
|
| 250 |
|
|
|a Vydání první
|
| 264 |
|
1 |
|a Praha :
|b Argo,
|c 2024
|
| 300 |
|
|
|a 361 stran :
|b ilustrace ;
|c 21 cm
|
| 336 |
|
|
|a text
|b txt
|2 rdacontent
|
| 337 |
|
|
|a bez média
|b n
|2 rdamedia
|
| 338 |
|
|
|a svazek
|b nc
|2 rdacarrier
|
| 490 |
1 |
|
|a Ahoj!
|
| 500 |
|
|
|a Přeloženo z angličtiny
|
| 500 |
|
|
|a Chronologický přehled
|
| 520 |
2 |
|
|a Příběh dvanáctileté Ruth, která je posedlá vesmírem. Jednou v noci spatří létající talíř, který nouzově přistane na poli. Začíná dobrodružství plné záhad, napětí i smíchu a překvapení.
|b Píšou se 60. léta minulého století. Amerika a Rusko závodí o to, kdo dobude vesmír. Dvanáctiletá Ruth je sirotek a žije u své příšerné tety na odlehlé farmě. Je doslova posedlá vesmírem - hltá komiksy i filmy, v nichž svět přepadají Marťani. Každou noc starým, otlučeným dalekohledem pozoruje noční oblohu a sní o dobrodružstvích. Jednou zahlédne létající talíř, jak se řítí po nočním nebi... a havaruje v poli. Když se kosmická loď otevře a vystoupí z ní záhadný mimozemšťan, Ruth se splní všechny její sny. Ale návštěvník z jiné planety má jedno velké tajemství, které by mohlo změnit běh dějin... Nakladatelská anotace.
|
| 655 |
|
7 |
|a anglické příběhy
|7 fd131813
|2 czenas
|
| 655 |
|
7 |
|a humoristické příběhy
|7 fd132430
|2 czenas
|
| 655 |
|
7 |
|a publikace pro děti
|7 fd133156
|2 czenas
|
| 655 |
|
9 |
|a English stories
|2 eczenas
|
| 655 |
|
9 |
|a humorous stories
|2 eczenas
|
| 655 |
|
9 |
|a children's literature
|2 eczenas
|
| 700 |
1 |
|
|a Stower, Adam
|7 xx0067516
|4 ill
|
| 700 |
1 |
|
|a Volhejnová, Veronika,
|d 1962-
|7 jn20010309724
|4 trl
|
| 830 |
|
0 |
|a Ahoj!
|0 s
|
| 910 |
2 |
|
|a BOA001
|b 2-1524.029
|
| 920 |
|
|
|a 4975793
|z ABG001
|
| 990 |
|
|
|a BK
|
| 995 |
|
|
|a 01
|
| 991 |
|
|
|b 202404
|c NOV
|
| 996 |
6 |
|
|b 2610966156
|c 2-1524.029
|l MZK
|r Sklad / do 1 hodiny
|n 0
|p p.v.
|w 001959887
|u 000010
|a 1
|e BOA001
|j MZK50
|s P
|